Statistics for Top 10 Milk Producing Countries

Click here to take the quiz!

General Stats

  • This quiz has been taken 40 times
  • The average score is 8 of 10

Answer Stats

Production (in Tonnes)Country% Correct
35.7China
100%
91.3USA
100%
60.6India
94%
34.3Brazil
91%
23.7France
91%
31.1Germany
91%
30.3Russia
91%
16.7Turkey
57%
18.9New Zealand
31%
13.9United Kingdom
9%

Score Distribution

Percentile by Number Answered

Percent of People with Each Score

Your Score History

You have not taken this quiz